LEADER 02374oas 2200829 a 450 001 9910145995503321 005 20251105213014.0 011 $a1573-1499 035 $a(DE-599)ZDB2001545-8 035 $a(DE-599)2001545-8 035 $a(OCoLC)40420652 035 $a(CONSER) 2007233747 035 $a(CKB)954925623242 035 $a(EXLCZ)99954925623242 100 $a19981201a19979999 sy 101 0 $aeng 135 $auru|||||||||| 181 $ctxt$2rdacontent 182 $cc$2rdamedia 183 $acr$2rdacarrier 200 10$aComputational geosciences 210 $aBassum, the Netherlands $cBaltzer Science Publishers$d1997- 300 $aRefereed/Peer-reviewed 300 $aTitle from contents screen (viewed Dec. 1, 1998). 311 08$a1420-0597 517 1 $aCG 606 $aEarth sciences$xMathematics$vPeriodicals 606 $aEarth sciences$xData processing$vPeriodicals 606 $aSciences de la terre$xMathe?matiques$vPe?riodiques 606 $aSciences de la terre$xInformatique$vPe?riodiques 606 $aEarth sciences$xData processing$2fast$3(OCoLC)fst00900738 606 $aEarth sciences$xMathematics$2fast$3(OCoLC)fst00900753 606 $aGeologia$2thub 606 $aCiències de la Terra$2thub 606 $aProcessament de dades$2thub 608 $aPeriodicals.$2fast 608 $aPeriodicals.$2lcgft 608 $aRevistes electròniques.$2thub 615 0$aEarth sciences$xMathematics 615 0$aEarth sciences$xData processing 615 6$aSciences de la terre$xMathe?matiques 615 6$aSciences de la terre$xInformatique 615 7$aEarth sciences$xData processing. 615 7$aEarth sciences$xMathematics. 615 7$aGeologia. 615 7$aCiències de la Terra. 615 7$aProcessament de dades. 676 $a550.151 801 0$bIWA 801 1$bIWA 801 2$bOCL 801 2$bOCLCQ 801 2$bGUA 801 2$bU9S 801 2$bOCLCQ 801 2$bOCLCO 801 2$bOCLCQ 801 2$bOCLCF 801 2$bOCLCQ 801 2$bDLC 801 2$bVT2 801 2$bOCLCO 801 2$bUBY 801 2$bOCLCQ 801 2$bUAB 801 2$bSXB 801 2$bOCLCL 801 2$bOCLCQ 906 $aJOURNAL 912 $a9910145995503321 996 $aComputational geosciences$92259041 997 $aUNINA